000
00333nam a22001577a 4500
003
SGT
020
_a
978-81-239-0426-6
082
_a
616.5
_b
H17J
100
_a
JOPLING, W.H.
245
_a
HAND BOOK OF LEPROSY
250
_a
5TH
260
_a
INDIA
_b
CBS PUB
_c
2017
300
_a
182
650
_a
DERMATOLOGY
942
_2
ddc
_c
BK
999
_c
18652
_d
18652